00490 2200193 4500001002100000005001700021008004100038035002400079090001500103100001800118245003600136260002400172300003100196650001900227850001500246980001400261985000600275999001500281YOGYA-0209000003379120090227024825.0 ind  0010-020900000033791 a951bKwe K aKWEE KEK BENG aKe Tiongkok barucKwee Kek Beng a[s.l]b[s.n]c[s.a] aviii, 179 hlmbilusc22 cm aCina - Keadaan aYOPDYOG(B) a19-9-2006 a1 ab000056265